| 000 | 00564nam a2200193 a 4500 | ||
|---|---|---|---|
| 001 | 1941 | ||
| 003 | CDMR | ||
| 005 | 20131205124030.0 | ||
| 008 | 130130s1969||||||||||||||||||||||||||||d | ||
| 040 |
_aCDMR _bcat _cCDMR |
||
| 100 | 1 |
_aMcLuhan, Marshall _9425 |
|
| 245 | 1 | 3 |
_aLa comprensión de los medios como las extensiones del hombre _cMarshall McLuhan |
| 260 |
_aMéxico _c1969 _bDiana |
||
| 300 | _a443 p. | ||
| 650 | 0 | 4 |
_9405 _aMitjans de comunicació de massa |
| 650 | 0 | 4 |
_94423 _aTecnologia i civilització |
| 650 | 0 | 4 |
_94443 _aPsicologia social |
| 942 |
_cMON _2udc |
||
| 999 |
_c1941 _d1941 |
||